Prognóza vývoja spotrebiteľských cien, keď štát znižuje sadzbu dane z pridanej hodnoty

Reagovanie obchodu stratégiami pri zmene sadzby dane z pridanej hodnoty: 1. nemení sa sadzba obchodnej marže, 2. zmena sadzby obchodnej marže tak, aby objem obchodnej marže ostal nemenný, 3. zmena sadzby obchodnej marže tak, aby sa spotrebiteľské ceny nemenili. Závislosť stratégie obchodu od konkure...

Description complète

Enregistré dans:
Détails bibliographiques
Auteur principal: Strieška, Ľubomír
Autres auteurs: Ščepková, Jana
Format: Chapitre de livre
Langue:slovaque
Sujets:
Tags: Ajouter un tag
Pas de tags, Soyez le premier à ajouter un tag!

MARC

LEADER 00000naa$a2200000$$$4500
001 0064120
005 20240502071741.6
041 0 |a slo 
044 |a SK 
245 1 0 |a Prognóza vývoja spotrebiteľských cien, keď štát znižuje sadzbu dane z pridanej hodnoty  |c Ľubomír Strieška, Jana Ščepková 
520 |a Reagovanie obchodu stratégiami pri zmene sadzby dane z pridanej hodnoty: 1. nemení sa sadzba obchodnej marže, 2. zmena sadzby obchodnej marže tak, aby objem obchodnej marže ostal nemenný, 3. zmena sadzby obchodnej marže tak, aby sa spotrebiteľské ceny nemenili. Závislosť stratégie obchodu od konkurencie v obchode. 
610 2 0 |a ceny spotrebiteľské 
610 2 0 |a konkurencia 
610 2 0 |a hodnota pridaná 
610 2 0 |a dane z hodnoty pridanej 
100 1 |a Strieška, Ľubomír 
700 1 |a Ščepková, Jana